| 000 | 00765nam a2200241 a 4500 | ||
|---|---|---|---|
| 001 | 63348 | ||
| 005 | 20180714065733.0 | ||
| 008 | 150820s2004 xxu 000 0 spa d | ||
| 020 | _a0-8006-3659-7 | ||
| 082 | 0 |
_a150.19 _bBRO |
|
| 100 | 1 |
_aBrowning, Don S. _eautor |
|
| 245 | 1 | 0 |
_aReligious thought and the modern psychologies / _cDon S. Browning; Terry D. Cooper. |
| 250 | _aSecond edition | ||
| 264 | 1 |
_aEstados Unidos de América : _bFortressPress ; _c2004 |
|
| 300 |
_axv, 304 páginas , ; _c23 cm. |
||
| 336 |
_atexto _2rdacontent |
||
| 337 |
_asin mediación _2rdamedia |
||
| 338 |
_avolumen _2rdacarrier |
||
| 650 | 4 | _aPsicología y religión | |
| 650 | 4 | _aPsicología | |
| 650 | 4 | _aReligión y cultura | |
| 700 | 1 | _aCooper, Terry D. | |
| 999 |
_c63348 _d63348 |
||